| 000 | 00853nam a2200217 a 4500 | ||
|---|---|---|---|
| 003 | 0 | ||
| 005 | 20250528112823.0 | ||
| 008 | 021128s19uu xx 00 eng d | ||
| 050 |
_aPGS HF 5823 _b.N194 2001 |
||
| 100 | _aNaoe, Suzette O. | ||
| 245 |
_aA Study on whether TV Ads affects the choice of products that grade six students in Southville International School buys / _cSuzette O. Naoe. |
||
| 260 |
_aLas PiƱas City, Philippines : _bSouthville International School and Colleges, _c2001. |
||
| 300 |
_a31 pages : _billustrations ; _c28 cm. |
||
| 504 | _aIncludes bibliographical references. | ||
| 650 |
_aAdvertising _vPsychological aspects. |
||
| 650 |
_aTelevision advertising _vInfluence. |
||
| 650 | _aConsumer behavior in children. | ||
| 650 | _aAdvertising and youth. | ||
| 650 | _aChoice behavior in children. | ||
| 942 |
_2lcc _cPASS |
||
| 999 |
_c96570 _d96570 |
||